LEADER 01382nam a2200325 a 4500 001 000000134283 003 CaOOAMICUS 005 20130610100007.0 008 130610s2012 it u000 u ita r 020 $a978-88-97806-03-5 040 $aPUL$bita 082 04$a241 100 1 $aCampodonico, Angelo,$d1949-$0(OLS)http://pul/name/12692 245 13$aLa pretesa del bene :$bteoria dell'azione ed etica in Tommaso d'Aquino /$cAngelo Campodonico, Maria Silvia Vaccarezza. 260 $aNapoli :$bOrthotes,$cİ2012. 300 $a157 p. ;$c21 cm. 490 1 $aEthica ;$v03 500 $aInclude indice. 504 $aBibliografia p. 209-216. 600 04$aThomas Aquinas,$cs.,$dc. 1225-1274$xEtica.$0(OLS)http://pul/subject/25171 700 1 $aVaccarezza, Maria Silvia.$0(OLS)http://pul/name/86508 830 0$aEthica (Orthotes) ;$v03.$0(OLS)http://pul/title/167857 850 $aPUL 852 $aPUL$W1$xSL Religione 3$y85$m241 CAMAN 1$j154383$qDDC 21$q $B153933$CPULBib$Z2$F153933 $H122536 $81 941 1 $a9 996 $6020$a978-88-97806-03-5$9(OLS)http://pul/number/152981 996 $6082$a241$9(OLS)http://pul/classification/246 996 $6245$aLa pretesa del bene :$bteoria dell'azione ed etica in Tommaso d'Aquino$9(OLS)http://pul/title/169787 996 $6260$aNapoli :$bOrthotes$9(OLS)http://pul/publisher/82284 LEADER 01173nam a2200277 a 4500 001 000000140028 003 CaOOAMICUS 005 20141007141114.0 008 141007s2006 enk u000 u eng r 020 $a978-0-521-67529-1 040 $aPUL$bita 082 04$a340.2 100 1 $aMenski, Werner.$0(OLS)http://pul/name/90291 245 10$aComparative law in a global context :$bthe legal systems of Asia and Africa /$cWerner Menski. 250 $a2nd ed. 260 $aCambridge :$bCambridge University Press,$c2006. 300 $aXIX, 674 p. ;$c23 cm 650 4$aDiritto comparato.$0(OLS)http://pul/subject/489 850 $aPUL 852 $aPUL$W1$xSL Diritto e Scienze Sociali 3$y79$m340. 2 MENWE 1$j161751$qDDC 21$q $B161200$CPULBib$Z2$F161200 $H124717 $81 941 1 $a9 996 $6020$a978-0-521-67529-1$9(OLS)http://pul/number/156109 996 $6082$a340.2$9(OLS)http://pul/classification/1934 996 $6245$aComparative law in a global context :$bthe legal systems of Asia and Africa$9(OLS)http://pul/title/177263 996 $6260$aCambridge :$bCambridge University Press$9(OLS)http://pul/publisher/50125